|
|
|
|
| LEADER |
00000naa2a2200000 4500 |
| 001 |
104358 |
| 005 |
20231031113954.0 |
| 035 |
|
|
|a (RuTPU)RU\TPU\book\112505
|
| 090 |
|
|
|a 104358
|
| 100 |
|
|
|a 20061101d2003 k y0rusy50 ca
|
| 101 |
0 |
|
|a rus
|
| 102 |
|
|
|a RU
|
| 200 |
1 |
|
|a О золотоносности конгломератов Западной Калбы
|f А. Я. Пшеничкин, Ю. Е. Зыков
|
| 461 |
|
0 |
|0 (RuTPU)RU\TPU\book\59582
|t Проблемы геологии и географии Сибири
|o Материалы научной конференции, посвященной 125-летию основания Томского государственного университета и 70-летию образования геолого-географического факультета 2-4 апреля 2003 г.
|f ТГУ
|d 2003-
|s Науки о Земле: геология, география, метеорология, геодезия
|
| 463 |
|
0 |
|0 (RuTPU)RU\TPU\book\56947
|t Вып. 3 (III): Геохимия и минералогия. Петрология. Металлогения. Геология и экономика минерального сырья
|v С. 288-290
|d 2003
|p 315 с.
|
| 610 |
1 |
|
|a конгломераты
|
| 610 |
1 |
|
|a Западная Калба
|
| 610 |
1 |
|
|a золотоносность
|
| 610 |
1 |
|
|a палеозойские отложения
|
| 610 |
1 |
|
|a труды учёных ТПУ
|
| 700 |
|
1 |
|a Пшеничкин
|b А. Я.
|c заведующий лабораторией геологии золота Томского политехнического университета
|c доцент каф. геологии и разведки полезных ископаемых (ГРПИ) ИГНД, ТПУ
|c кандидат геолого-минералогических наук
|f 1936-
|g Анатолий Яковлевич
|2 stltpush
|3 (RuTPU)RU\TPU\pers\24725
|
| 701 |
|
1 |
|a Зыков
|b Ю. Е.
|
| 801 |
|
1 |
|a RU
|b 63413507
|c 20061101
|g PSBO
|
| 801 |
|
2 |
|a RU
|b 63413507
|c 20100407
|g RCR
|
| 942 |
|
|
|c BK
|